| 000 | 00668na a2200253 4500 | ||
|---|---|---|---|
| 001 | 19328 | ||
| 003 | MIRAKIL | ||
| 005 | 20181213154914.0 | ||
| 008 | 170207b tu 000 0 | ||
| 035 | _a19328 | ||
| 040 |
_aMilas _btur _cTR-AnCHP |
||
| 041 | _atur | ||
| 082 |
_aCHP 297 _bA74i [t.y.] |
||
| 090 | _aCHP 297 A74i [t.y.] | ||
| 100 | _aAşık, A. Gani | ||
| 245 |
_aİslamda "Sağ-sol" _b"CHP bir sevdadır" _cA. Gani Aşık |
||
| 246 | _aCHP bir sevdadır | ||
| 246 | _aİslamda sağ-sol | ||
| 260 |
_aAnkara _bCHP _c[t.y] |
||
| 300 |
_a23 s. _c17 sm. |
||
| 610 |
_aCHP _xDin |
||
| 650 |
_aDin _xSiyasal ideolojiler _ySağ ve sol |
||
| 942 |
_2ddc _cBKS |
||
| 999 |
_c2953 _d2953 |
||